[Event "Porto Sant Elpidio op-B 16th"]
[Site "Porto Sant Elpidio"]
[Date "2013.11.24"]
[Round "5"]
[White "Ciccale, Piero"]
[Black "Ciarloni, Giuseppe"]
[Result "1/2-1/2"]
[WhiteElo "1383"]
[BlackElo "1643"]
[PlyCount "38"]
[EventDate "2013.11.16"]
[EventType "swiss"]
[EventRounds "6"]
[EventCountry "ITA"]
[SourceTitle "EXT 2015"]
[Source "ChessBase"]
[SourceDate "2014.11.20"]
[SourceVersion "1"]
[SourceVersionDate "2014.11.20"]
[SourceQuality "1"]

1. e4 c5 2. c3 e6 3. e5 d6 4. exd6 Bxd6 5. Ne2 Nf6 6. g3 Nc6 7. Bg2 Qc7 8. 0-0 0-0 9. d4 Rd8 10. Na3 cxd4 11. Nb5 Qb6 12. Nxd6 Rxd6 13. cxd4 Nxd4 14. Nxd4 Rxd4 15. Qe2 Qd8 16. Be3 Rd6 17. Rad1 a5 18. Rxd6 Qxd6 19. Rd1 Qe7 1/2-1/2